Top 50 Highest Rated Gintama Episodes on IMDB - Statistics

General Stats
  • This quiz has been taken 14 times
  • The average score is 22 of 50
Answer Stats
Place Rating (Votes) Answer % Correct
1 9.8 (4.1K) 4x40 (Sworn Enemy)
100%
17 9.6 (1.6K) 4x41 (The Crows Caw After the Battle Ends)
100%
8 9.7 (2K) 4x36 (Ninja Village)
86%
3 9.7 (2.5K) 4x39 (Those Who Protect Against All Odds)
86%
5 9.7 (2.3K) 4x42 (Farewell, Buddy)
86%
4 9.7 (2.4K) 4x49 (Karma)
86%
6 9.7 (2.3K) 4x50 (Nobume)
86%
13 9.7 (1.7K) 4x51 (Farewell Shinsengumi)
86%
16 9.6 (1.6K) 4x37 (Ninja Soul)
71%
9 9.7 (1.8K) 4x38 (And Then There Were Five)
71%
22 9.5 (1.3K) 4x43 (The Day the Demon Cried)
71%
50 9.2 (944) 4x46 (Prison Break)
71%
36 9.3 (1K) 4x47 (Stray Dogs)
71%
18 9.6 (1.6K) 4x48 (Undelivered Mail)
71%
15 9.7 (1.5K) 5x10 (Siblings)
71%
10 9.7 (1.8K) 142 (Life Is a Series of Choices)
57%
2 9.8 (3K) 2x10 (Ghosts Aren't the Only Ones Who Run)
57%
31 9.4 (999) 2x11 (Chains of a Warrior)
57%
30 9.4 (1.2K) 4x44 (Heroes Always Arrive Fashionably Late)
57%
38 9.3 (937) 4x45 (Lost and Found)
57%
32 9.4 (898) 104 (Important Things Are Hard to See)
43%
34 9.4 (844) 143 (Those Who Stand on Four Legs Are Beasts)
43%
20 9.6 (1.2K) 180 (The More Precious the Burden)
43%
39 9.3 (927) 188 (An Observation Journal)
43%
14 9.7 (1.6K) 2x13 ('Tis an Honor!)
43%
21 9.5 (1.3K) 4x35 (Shoguns of Light and Shadow)
43%
29 9.5 (1K) 5x11 (First Student)
43%
42 9.3 (899) 5x12 (Hope)
43%
23 9.5 (1.2K) 61 (On a Moonless Night)
43%
44 9.3 (839) 144 (Don't Trust Bedtime Stories)
29%
46 9.3 (834) 2x12 (Iron Town)
29%
43 9.3 (889) 4x32 (Keep Your Farewells Short)
29%
35 9.3 (1K) 79 (Four Heads Are Better Than One)
29%
19 9.6 (1.4K) 87 (Perform a German Suplex on a Woman)
29%
11 9.7 (1.8K) 8x07 (Always Hold On to Your Trump Cards)
29%
41 9.3 (917) 8x12 (Salvation)
29%
7 9.7 (2K) 3x07 (Five Pinkies)
14%
12 9.7 (1.7K) 3x08 (Pinky Swear)
14%
45 9.3 (836) 5x04 (Zura)
14%
37 9.3 (947) 5x06 (Ten Years)
14%
24 9.5 (1.1K) 5x07 (Paths)
14%
27 9.5 (1K) 5x08 (The Master of Kouan)
14%
28 9.5 (1K) 5x09 (The Lost Rabbit)
14%
25 9.5 (1.1K) 8x08 (The Creatures Known as Humanity)
14%
26 9.5 (1K) 2x38 (You Know Those Year-end Parties)
0%
47 9.3 (800) 2x39 (People Can Only Live by Forgetting the Bad)
0%
40 9.3 (921) 2x45 (Festival of Thornies)
0%
48 9.3 (791) 3x06 (Inside the Palace!!)
0%
33 9.4 (882) 3x09 (Unsetting Moon)
0%
49 9.3 (765) 4x18 (Amen)
0%
No matching quizzes found
Score Distribution
Percent of People with Each Score
Percentile by Number Answered
Your Score History
You have not taken this quiz